[Event "St Petersburg-ch Seniors Blitz"]
[Site "St Petersburg"]
[Date "2022.10.05"]
[Round "5"]
[White "Manin, Viktor L"]
[Black "Gertsyk, Nikolai"]
[Result "1-0"]
[WhiteElo "2022"]
[BlackElo "2166"]
[PlyCount "79"]
[EventDate "2022.10.05"]
[EventType "swiss"]
[EventRounds "11"]
[EventCountry "RUS"]
[SourceTitle "CBM 210 Extra"]
[Source "ChessBase"]
[SourceDate "2022.11.30"]
[SourceVersion "1"]
[SourceVersionDate "2022.11.30"]
[SourceQuality "1"]

1. d4 Nf6 2. g3 c5 3. d5 b5 4. Bg2 Bb7 5. c4 bxc4 6. Na3 e6 7. e4 exd5 8. exd5 d6 9. Nxc4 Be7 10. Ne2 0-0 11. 0-0 Nbd7 12. Nc3 a5 13. Bf4 Nb6 14. b3 Ba6 15. Qd3 Qc7 16. a4 Nxc4 17. bxc4 Rfe8 18. Rab1 Rab8 19. Nb5 Bxb5 20. axb5 Qb6 21. Ra1 Bf8 22. Ra4 Ra8 23. Rfa1 Ra7 24. Bd2 Rea8 25. Bh3 g6 26. Bc3 Bg7 27. f3 Ne8 28. Re1 Bxc3 29. Qxc3 Ng7 30. Qf6 Re8 31. Rxe8+ Nxe8 32. Qc3 Ng7 33. Bc8 h6 34. Kg2 Ne8 35. Qe1 Nf6 36. Ba6 Kf8 37. Qxa5 Nd7 38. Qc3 Ra8 39. Qh8+ Ke7 40. Qxa8 1-0

[Event "EU-ch Seniors 50 19th"]
[Site "Rhodes"]
[Date "2019.04.06"]
[Round "1"]
[White "Gertsyk, Nikolai"]
[Black "Hughes, Roy"]
[Result "1/2-1/2"]
[WhiteElo "2334"]
[BlackElo "1987"]
[PlyCount "124"]
[EventDate "2019.04.06"]
[EventType "swiss"]
[EventRounds "9"]
[EventCountry "GRE"]
[SourceTitle "CBM 189 Extra"]
[Source "ChessBase"]
[SourceDate "2019.06.03"]
[SourceVersion "1"]
[SourceVersionDate "2019.06.03"]
[SourceQuality "1"]

1. d4 d5 2. Nf3 e6 3. e3 Nf6 4. Bd3 b6 5. 0-0 Bd6 6. b3 0-0 7. Nbd2 Bb7 8. Bb2 Qe7 9. Qe2 Ne4 10. c4 Nd7 11. Rac1 a5 12. Ne5 Nxd2 13. Qxd2 Nxe5 14. dxe5 Bc5 15. Qe2 Rfd8 16. Rfd1 a4 17. Bd4 Ba3 18. Rb1 axb3 19. axb3 Bb4 20. Ra1 dxc4 21. Bxc4 Rxa1 22. Bxa1 Rd7 23. Bb2 Qd8 24. Rxd7 Qxd7 25. Qd3 Qxd3 26. Bxd3 Kf8 27. f4 g6 28. Kf2 Bd5 29. Bc2 c5 30. e4 Bc6 31. Bd3 b5 32. Bc1 Ke7 33. Be3 Kd7 34. Ke2 Kc7 35. Kd1 Bd7 36. Kc2 Kc6 37. Kb2 Bc8 38. g3 Ba6 39. Kc2 c4 40. Be2 Be1 41. Bd4 Bb4 42. Kb2 cxb3 43. Kxb3 Bc5 44. Bc3 Kb6 45. Bd2 Bb7 46. Bd3 Bc6 47. g4 Bg1 48. h3 Kc5 49. Bc3 Be3 50. f5 Bd4 51. Bb4+ Kb6 52. Bd6 Bc5 53. Kc3 Bd7 54. Kb3 Kc6 55. Bb8 Bf2 56. Kb4 Be1+ 57. Kb3 gxf5 58. gxf5 exf5 59. exf5 Kd5 60. e6 fxe6 61. fxe6 Bxe6 62. Bxh7 Kc6+ 1/2-1/2

[Event "Ekaterinburg 06"]
[Site "Ekaterinburg"]
[Date "2009.06.??"]
[Round "7"]
[White "Gertsyk, Nikolai"]
[Black "Samartsev, Alexander"]
[Result "0-1"]
[WhiteElo "2308"]
[BlackElo "2307"]
[PlyCount "44"]
[EventDate "2009.06.06"]
[EventType "tourn"]
[EventRounds "11"]
[EventCountry "RUS"]
[EventCategory "1"]
[SourceTitle "EXT 2022"]
[Source "ChessBase"]
[SourceDate "2021.10.06"]
[SourceVersion "1"]
[SourceVersionDate "2021.10.06"]
[SourceQuality "1"]

1. d4 d5 2. c4 c6 3. Nf3 Nf6 4. Nc3 e6 5. g3 dxc4 6. Bg2 b5 7. 0-0 Nbd7 8. Bg5 Bb7 9. a4 Qb6 10. Ne5 a6 11. b3 Nxe5 12. dxe5 Nd5 13. Nxd5 cxd5 14. bxc4 bxc4 15. e4 d4 16. Rb1 Qa7 17. Qc2 c3 18. a5 Bc6 19. Rb6 Bb5 20. Qb3 Bc5 21. Rb1 0-0 22. Qc2 Bxb6 0-1

[Event "Ekaterinburg 06"]
[Site "Ekaterinburg"]
[Date "2009.06.??"]
[Round "8"]
[White "Prahov, G."]
[Black "Gertsyk, Nikolai"]
[Result "1-0"]
[WhiteElo "2222"]
[BlackElo "2308"]
[PlyCount "69"]
[EventDate "2009.06.06"]
[EventType "tourn"]
[EventRounds "11"]
[EventCountry "RUS"]
[EventCategory "1"]
[SourceTitle "EXT 2022"]
[Source "ChessBase"]
[SourceDate "2021.10.06"]
[SourceVersion "1"]
[SourceVersionDate "2021.10.06"]
[SourceQuality "1"]

1. c4 Nf6 2. g3 g6 3. Bg2 Bg7 4. Nc3 d6 5. d4 Nc6 6. d5 Ne5 7. f4 Ned7 8. e4 a5 9. Nf3 0-0 10. 0-0 c6 11. Kh1 cxd5 12. cxd5 Nc5 13. e5 dxe5 14. fxe5 Ng4 15. Qd4 b6 16. h3 Nh6 17. g4 Ba6 18. Rd1 Rc8 19. Bg5 f6 20. exf6 Bxf6 21. Bxf6 exf6 22. Qe3 Nf7 23. Nd4 Ne5 24. Nc6 Nxc6 25. dxc6 Qe8 26. Qxe8 Rcxe8 27. Rd6 Kg7 28. Nd5 Re6 29. Rxe6 Nxe6 30. Re1 Kf7 31. Nxb6 Rb8 32. Nd7 Re8 33. Bd5 Bc8 34. Nc5 f5 35. c7 1-0

[Event "Ekaterinburg 02"]
[Site "Ekaterinburg"]
[Date "2009.02.??"]
[Round "10"]
[White "Kozlov, Oleg"]
[Black "Gertsyk, Nikolai"]
[Result "0-1"]
[WhiteElo "2187"]
[BlackElo "2313"]
[PlyCount "52"]
[EventDate "2009.02.25"]
[EventType "tourn"]
[EventRounds "11"]
[EventCountry "RUS"]
[EventCategory "2"]
[SourceTitle "EXT 2022"]
[Source "ChessBase"]
[SourceDate "2021.10.06"]
[SourceVersion "1"]
[SourceVersionDate "2021.10.06"]
[SourceQuality "1"]

1. d4 d5 2. Nf3 Nf6 3. g3 c6 4. Bg2 g6 5. 0-0 Bg7 6. c4 0-0 7. Nc3 e6 8. Qc2 dxc4 9. Rd1 b5 10. Ne5 Nd5 11. e4 Nb4 12. Qe2 Nd7 13. a3 Nxe5 14. dxe5 Nd3 15. f4 Bb7 16. b3 Nxc1 17. Raxc1 Qb6+ 18. Kh1 cxb3 19. Qb2 Rfd8 20. Qxb3 Bf8 21. h4 Qa5 22. Nb1 c5 23. Kh2 c4 24. Qb2 a6 25. Kh3 Qa4 26. Re1 Rd3 0-1

[Event "Ekaterinburg"]
[Site "Ekaterinburg"]
[Date "2008.05.21"]
[Round "9"]
[White "Gertsyk, Nikolai"]
[Black "Pakhomov, Alexey"]
[Result "0-1"]
[WhiteElo "2311"]
[BlackElo "2468"]
[PlyCount "42"]
[EventDate "2008.05.16"]
[EventType "tourn"]
[EventRounds "11"]
[EventCountry "RUS"]
[EventCategory "1"]
[SourceTitle "CBM 124 Extra"]
[Source "ChessBase"]
[SourceDate "2008.07.03"]
[SourceVersion "1"]
[SourceVersionDate "2008.07.03"]
[SourceQuality "1"]

1. e4 d5 2. exd5 Nf6 3. d4 Nxd5 4. c4 Nb6 5. Nf3 Bg4 6. c5 N6d7 7. Bc4 e6 8. h3 Bh5 9. Be3 Be7 10. Nc3 Nc6 11. Qe2 0-0 12. 0-0-0 Bg6 13. h4 Bh5 14. Rdg1 Bg4 15. d5 exd5 16. Nxd5 Bxc5 17. Bxc5 Nxc5 18. Kb1 b5 19. Bxb5 Qxd5 20. Rd1 Qf5+ 21. Ka1 Bxf3 0-1

[Event "Ekaterinburg"]
[Site "Ekaterinburg"]
[Date "2008.05.18"]
[Round "5"]
[White "Gertsyk, Nikolai"]
[Black "Kaliberda, Vladimir"]
[Result "1/2-1/2"]
[WhiteElo "2311"]
[BlackElo "2319"]
[PlyCount "24"]
[EventDate "2008.05.16"]
[EventType "tourn"]
[EventRounds "11"]
[EventCountry "RUS"]
[EventCategory "1"]
[SourceTitle "CBM 124 Extra"]
[Source "ChessBase"]
[SourceDate "2008.07.03"]
[SourceVersion "1"]
[SourceVersionDate "2008.07.03"]
[SourceQuality "1"]

1. d4 Nf6 2. c4 e6 3. Nf3 c5 4. d5 b5 5. a4 bxc4 6. Nc3 exd5 7. Nxd5 Bb7 8. Bg5 Bxd5 9. Bxf6 Qxf6 10. Qxd5 Qxb2 11. Rd1 Qc3+ 12. Rd2 Qa1+ 1/2-1/2

[Event "Ekaterinburg 07"]
[Site "Ekaterinburg"]
[Date "2007.07.26"]
[Round "10"]
[White "Gertsyk, Nikolai"]
[Black "Kozlov, Oleg"]
[Result "1/2-1/2"]
[WhiteElo "2316"]
[BlackElo "2157"]
[PlyCount "28"]
[EventDate "2007.07.20"]
[EventType "tourn"]
[EventRounds "11"]
[EventCountry "RUS"]
[EventCategory "1"]
[SourceTitle "EXT 2022"]
[Source "ChessBase"]
[SourceDate "2021.10.06"]
[SourceVersion "1"]
[SourceVersionDate "2021.10.06"]
[SourceQuality "1"]

1. d4 d5 2. Nf3 Nf6 3. Bf4 c5 4. c3 Qb6 5. Qb3 c4 6. Qc2 Nc6 7. e3 Bf5 8. Qc1 e6 9. Nbd2 Be7 10. Be2 h6 11. 0-0 0-0 12. Ne5 Rac8 13. Re1 Bh7 14. h3 Qd8 1/2-1/2

[Event "Ekaterinburg 07"]
[Site "Ekaterinburg"]
[Date "2007.07.25"]
[Round "8"]
[White "Gertsyk, Nikolai"]
[Black "Kaliberda, Vladimir"]
[Result "1/2-1/2"]
[WhiteElo "2316"]
[BlackElo "2337"]
[PlyCount "26"]
[EventDate "2007.07.20"]
[EventType "tourn"]
[EventRounds "11"]
[EventCountry "RUS"]
[EventCategory "1"]
[SourceTitle "EXT 2022"]
[Source "ChessBase"]
[SourceDate "2021.10.06"]
[SourceVersion "1"]
[SourceVersionDate "2021.10.06"]
[SourceQuality "1"]

1. d4 d5 2. Nf3 Nf6 3. g3 g6 4. Bg2 Bg7 5. b3 b6 6. Bb2 Bb7 7. c4 c6 8. Ne5 Nfd7 9. f4 f6 10. Nf3 e6 11. Nc3 f5 12. Ne5 Nf6 13. Qc2 Nbd7 1/2-1/2

[Event "Ekaterinburg 07"]
[Site "Ekaterinburg"]
[Date "2007.07.21"]
[Round "2"]
[White "Kharous, Ernest"]
[Black "Gertsyk, Nikolai"]
[Result "1/2-1/2"]
[WhiteElo "2373"]
[BlackElo "2316"]
[PlyCount "59"]
[EventDate "2007.07.20"]
[EventType "tourn"]
[EventRounds "11"]
[EventCountry "RUS"]
[EventCategory "1"]
[SourceTitle "EXT 2022"]
[Source "ChessBase"]
[SourceDate "2021.10.06"]
[SourceVersion "1"]
[SourceVersionDate "2021.10.06"]
[SourceQuality "1"]

1. e4 e6 2. d4 d5 3. Nc3 Be7 4. Bd3 c5 5. exd5 cxd4 6. Bb5+ Bd7 7. dxe6 dxc3 8. exd7+ Nxd7 9. bxc3 Ngf6 10. Ne2 a6 11. Bd3 0-0 12. 0-0 Re8 13. Be3 Qc7 14. Bd4 Bd6 15. Ng3 Be5 16. Qf3 Rab8 17. a4 Nc5 18. Rfe1 Nxd3 19. Qxd3 Re6 20. Bxe5 Rxe5 21. Rxe5 Qxe5 22. Qd4 Qc7 23. Nf5 Re8 24. h3 Re4 25. Qd6 Qxc3 26. Ra3 Re1+ 27. Kh2 Qe5+ 28. Qxe5 Rxe5 29. Rd3 g6 30. Ne3 1/2-1/2

[Event "Ekaterinburg 07"]
[Site "Ekaterinburg"]
[Date "2007.07.20"]
[Round "1"]
[White "Gertsyk, Nikolai"]
[Black "Pogosian, Vladimir"]
[Result "1/2-1/2"]
[WhiteElo "2316"]
[BlackElo "2175"]
[PlyCount "28"]
[EventDate "2007.07.20"]
[EventType "tourn"]
[EventRounds "11"]
[EventCountry "RUS"]
[EventCategory "1"]
[SourceTitle "EXT 2022"]
[Source "ChessBase"]
[SourceDate "2021.10.06"]
[SourceVersion "1"]
[SourceVersionDate "2021.10.06"]
[SourceQuality "1"]

1. e4 e5 2. Nf3 Nf6 3. Nxe5 d6 4. Nf3 Nxe4 5. Nc3 Nxc3 6. dxc3 Be7 7. Bd3 0-0 8. h3 Nc6 9. 0-0 Be6 10. Nd4 Nxd4 11. cxd4 Bf6 12. c3 Qd7 13. Qf3 d5 14. Bf4 Rfe8 1/2-1/2